00000000nam 2200000zi 4500
0019.935906
003CaOODSP
00520250131115416
006m     o  d f      
007cr |n|||||||||
008240321s1995    nsc     o    f|0| 0 eng d
040 |aCaOODSP|beng|erda|cCaOODSP
043 |an-cnm
0861 |aEn4-659/1995E-PDF
24500|aEnvirodat Atlantic project nos & project names, March 1995.
264 1|a[Dartmouth, Nova Scotia] : |b[Environment Canada, Atlantic Region], |c1995.
300 |a1 online resource (11 unnumbered pages)
336 |atext|btxt|2rdacontent
337 |acomputer|bc|2rdamedia
338 |aonline resource|bcr|2rdacarrier
500 |aDigitized edition from print [produced by Environment and Climate Change Canada].
61010|aCanada.|bEnvironment Canada|xManagement.
650 0|aProject management|zCanada.
650 6|aGestion de projet|zCanada.
7101 |aCanada.|bEnvironment Canada. |bAtlantic Region, |eissuing body.
85640|qPDF|s3.13 MB|uhttps://publications.gc.ca/collections/collection_2025/eccc/en4/En4-659-1995-eng.pdf